000
00333 a2200157 4500
001
169611
020
_a
040
_c
Magnum
100
_a
Ferreiro, Emilia
240
1
0
_a
Reflexoes sobre alfabetizacao
_l
por
245
1
0
_a
Reflexoes sobre alfabetizacao
362
0
_a
1899
440
1
_a
Cortez
697
_a
ENSINO
942
_c
BK
999
_c
169611
_d
169611